000 00684nam a22002297a 4500
005 20170124110231.0
010 _aA-947383
020 _c100.00
_a8185989109
035 _aA-947383
037 _bCen Lib/Ret
040 _aDPL
_bEN
082 _a912.14
_bLUT
100 _aLuthra, Atul
_920182
245 _aYou and your boold pressure /
_cby Atul Luthra
260 _aNew Delhi
_bGalgotia Publishing Company
_c1993
270 _bNew Delhi
_a6A/4 WEA, Karol Bagh
_e110005
300 _axii,154p.:
_c20cm(pbk)
_bill.
500 _aIncludes appendix
650 _aHealth science
_916285
650 _aBlood Pressure
_941288
942 _2ddc
_cEN
_h612.14
_mLUT
999 _c134641
_d134641